01138nam a2200241 4500999001500000001000600015003000900021005001700030008004100047020001800088040003300106082001800139100005500157245006300212260004700275300002500322504003100347505030200378650004700680651003200727942001200759952012500771 c8461d846122101BD-DhUAP20240320112052.0720713s1948 nyu b 000 0 eng  a9780415104548 aDLCcBD-DhUAPdBD-DhUAPbEng a820.9 LIT2221 aBaugh, Albert C.q(Albert Croll),d1891-1981,eed.12aA literary history of England.cedited by Albert C. Baugh. aNew York,bAppleton-Century-Croftsc[1948] axii, 1673 p.c25 cm. aBibliographical footnotes.0 aThe Middle Ages: The Old English period, to 1100, by Kemp Malone. The Middle English period, 1100-1500, by A.C. Baugh.--The Renaissance, 1500-1660, by Tucker Brooke.--The Restoration and eighteenth century, 1660-1789, by George Sherburn.--The nineteenth century and after, 1789-1939, by S.C. Chew. 0aEnglish literaturexHistory and criticism. 0aEnglandxIntellectual life. 2ddccBK 00102ddc4070aUAPCLbUAPCLcGeneral Stacksd2024-03-20o820.9 LITp3010022101r2024-03-20t1v3346.00w2024-03-20yBK